La ciudad del Dios Varón : (Registro nro. 29734)
[ vista simple ]
| 000 -CABECERA | |
|---|---|
| campo de control de longitud fija | 02500nam a2200265 4500 |
| 008 - CÓDIGOS DE INFORMACIÓN DE LONGITUD FIJA | |
| fixed length control field | 220823s2020 ck a|||gr|||| 00| j spa d |
| 020 ## - NÚMERO INTERNACIONAL NORMALIZADO PARA LIBROS | |
| ISBN | 9789584888372 |
| 040 ## - Fuente de catalogación | |
| Agencia original de catalogación | CO-JMCR |
| Agencia de transcripción | CO-JMCR |
| 041 0# - CÓDIGO DE LENGUA | |
| Código idioma | spa |
| 082 04 - NÚMERO DE LA CLASIFICACIÓN DECIMAL DEWEY | |
| Número de clasificación Decimal | J-C |
| Número de documento (Cutter) | GUEc |
| 100 1# - PUNTO DE ACCESO PRINCIPAL-NOMBRE DE PERSONA | |
| Nombre personal | Guerrero, Rodrigo, |
| Fechas asociadas al nombre | autor |
| 9 (RLIN) | 42321 |
| 245 13 - TÍTULO PROPIAMENTE DICHO | |
| Título | La ciudad del Dios Varón : |
| Parte restante del título | cuentos / |
| Mención de responsabilidad, etc. | Rodrigo Guerrero ; ilustrador, Andrés Guerrero |
| 250 ## - DECLARACIÓN DE EDICIÓN | |
| Declaración de edición | Primera edición |
| 260 ## - PUBLICACIÓN, DISTRIBUCIÓN, ETC. (PIE DE IMPRENTA) | |
| Lugar de publicación, distribución, etc. | Bogotá : |
| Nombre del editor, distribuidor, etc. | Antrópodo, |
| Fecha de publicación, distribución, etc. | 2020 |
| 300 ## - DESCRIPCIÓN FÍSICA | |
| Extensión | 161 páginas : |
| Otros detalles físicos | ilustraciones a blanco y negro ; |
| Dimensiones | 22 cm. |
| 500 ## - NOTA GENERAL | |
| Nota general | Incluye datos biográficos del autor en solapa. |
| 505 0# - NOTA DE CONTENIDO FORMATADO | |
| Nota de contenido formateada | El hijo de Bochica -- Cuidad en llamas -- El hotel más hermoso del mundo, las cinco iglesias y el regreso del heredero -- Un pájaro en llamas y la caída del prócer -- Los primeros pasos de la muerte -- Lomos oscuros. |
| 520 3# - RESUMEN, ETC. | |
| Resumen,etc. | Escribir sobre Soacha, o Suacha, o Xuacha, es una labor en construcción. Lo que se ve y se sabe de este lugar a través de los medios de comunicación y de otras fuentes de información es el simple reflejo de una serie de problemáticas que poco y nada tienen que ver con lo que fue un pasado rico en mitología y creencias, en costumbres e historias, en tradición oral e histórica, aspectos desconocidos aún por la mayoría.<br/>La ciudad del Dios Varón es una obra literaria en prosa que, valiéndose de la ficción, narra diferentes momentos de la historia de Soacha. Pretende generar identidad en sus habitantes y una perspectiva diferente en quienes apenas conocen trozos de sus sucesos, testimonios y semblanzas. Se compone de seis relatos que giran alrededor de un personaje principal, Arturo Garcés, quien, a través de sus vivencias, le da forma a un mundo literario sobre los orígenes, las costumbres, la gente, las construcciones y las creencias de este lugar, enclavado en las montañas constantemente devoradas por la niebla de la geografía del Tequendama.<br/>"Con una narrativa rica en descripciones y detalles, Rodrigo Guerrero logra una gran antología de relatos que hablan de un lugar único y particular, abundante en emociones y evocaciones, en símbolos y en personajes mitológicos que, a la manera de Homero, se cruzan en el destino de su personaje principal". |
| 650 14 - TÉRMINO DE MATERIA | |
| subdivision Geografica | Soacha, Cundinamarca |
| 9 (RLIN) | 42326 |
| 650 24 - TÉRMINO DE MATERIA | |
| 9 (RLIN) | 42322 |
| 650 24 - TÉRMINO DE MATERIA | |
| Subdivisión de forma | Cuentos |
| 9 (RLIN) | 42323 |
| 700 1# - AUTOR SECUNDARIO - PERSONA | |
| Nombre de persona | Guerrero, Andrés, |
| Numeration | ilustrador |
| 9 (RLIN) | 42324 |
| Withdrawn status | Lost status | Source of classification or shelving scheme | Damaged status | Not for loan | Home library | Current library | Shelving location | Date acquired | Source of acquisition | Total Checkouts | Full call number | Barcode | Date last seen | Date last checked out | Copy number | Price effective from | Koha item type |
|---|---|---|---|---|---|---|---|---|---|---|---|---|---|---|---|---|---|
| Dewey Decimal Classification | Biblioteca Pública José María del Castillo y Rada | Biblioteca Pública José María del Castillo y Rada | Fiction | 08/19/2022 | Donación | 2 | J-C GUEc | 201811475 | 01/30/2025 | 01/29/2025 | Ej.1 | 08/23/2022 | Books |